<?xml version="1.0" encoding="UTF-8"?>
<record
    xmlns:xsi="http://www.w3.org/2001/XMLSchema-instance"
    xsi:schemaLocation="http://www.loc.gov/MARC21/slim http://www.loc.gov/standards/marcxml/schema/MARC21slim.xsd"
    xmlns="http://www.loc.gov/MARC21/slim">

  <leader>00388nam a2200145Ia 4500</leader>
  <controlfield tag="008">230519s9999    xx            000 0 und d</controlfield>
  <datafield tag="020" ind1=" " ind2=" ">
    <subfield code="a">978-93-5152-407-6</subfield>
  </datafield>
  <datafield tag="041" ind1=" " ind2=" ">
    <subfield code="a">eng</subfield>
  </datafield>
  <datafield tag="082" ind1=" " ind2=" ">
    <subfield code="a">MS/610.7361/BAS/DB0344</subfield>
  </datafield>
  <datafield tag="100" ind1=" " ind2=" ">
    <subfield code="a">Basavanthappa BT</subfield>
  </datafield>
  <datafield tag="245" ind1=" " ind2=" ">
    <subfield code="a">Medical Surgical Nursing : Volume 1</subfield>
  </datafield>
  <datafield tag="260" ind1=" " ind2=" ">
    <subfield code="b">Jaypee Brothers</subfield>
    <subfield code="a">New Delhi</subfield>
    <subfield code="c">2015</subfield>
  </datafield>
  <datafield tag="300" ind1=" " ind2=" ">
    <subfield code="a">772</subfield>
  </datafield>
  <datafield tag="999" ind1=" " ind2=" ">
    <subfield code="c">159160</subfield>
    <subfield code="d">159160</subfield>
  </datafield>
  <datafield tag="952" ind1=" " ind2=" ">
    <subfield code="0">0</subfield>
    <subfield code="1">0</subfield>
    <subfield code="4">0</subfield>
    <subfield code="7">0</subfield>
    <subfield code="8">MS</subfield>
    <subfield code="a">BTIN</subfield>
    <subfield code="b">BTIN</subfield>
    <subfield code="d">2015-06-19</subfield>
    <subfield code="g">565.00</subfield>
    <subfield code="i">79</subfield>
    <subfield code="l">7</subfield>
    <subfield code="o">MS 610.7361 BAS DB0344</subfield>
    <subfield code="p">BTIN-DB-344</subfield>
    <subfield code="q">2026-06-01</subfield>
    <subfield code="r">2026-05-08 10:05:04</subfield>
    <subfield code="s">2026-05-08</subfield>
    <subfield code="w">2015-05-20</subfield>
    <subfield code="y">DB</subfield>
    <subfield code="z">DB0344</subfield>
  </datafield>
  <datafield tag="952" ind1=" " ind2=" ">
    <subfield code="0">0</subfield>
    <subfield code="1">0</subfield>
    <subfield code="4">0</subfield>
    <subfield code="7">0</subfield>
    <subfield code="8">MS</subfield>
    <subfield code="a">BTIN</subfield>
    <subfield code="b">BTIN</subfield>
    <subfield code="d">2015-06-19</subfield>
    <subfield code="g">565.00</subfield>
    <subfield code="i">79</subfield>
    <subfield code="l">4</subfield>
    <subfield code="m">1</subfield>
    <subfield code="o">MS 610.7361 BAS DB0345</subfield>
    <subfield code="p">BTIN-DB-345</subfield>
    <subfield code="q">2026-06-01</subfield>
    <subfield code="r">2026-05-08 10:04:32</subfield>
    <subfield code="s">2026-05-08</subfield>
    <subfield code="w">2015-05-20</subfield>
    <subfield code="y">DB</subfield>
    <subfield code="z">DB0345</subfield>
  </datafield>
</record>
